Представление документа в формате RUSMARC

ПолеНазваниеЗначение
  Тип записи c
  Библиографический уровень m
001 Контрольный номер UONB/MAIN/f9936de2fac54ea18e098438ec30c0b9
005 Дата корректировки 20251205155550.3
010 Индекс ISBN __
9 Тираж 16300 экз.
013 Номер (ISMN) __
d Цена 35 к.
071 Издательские номер (звукозапись и ноты) 21
a Номер, присвоенный агентством 6017
100 Данные общей обработки __
a Данные общей обработки 20231031g1982 u y0rusy0189 ca
101 Язык документа 0_
a Язык текста rus
f Язык титульного листа rus
102 Страна публикации __
a Страна публикации RU
125 Кодированные данные звукозаписи и нотных изданий __
a Форма изложения нотного текста с
128 Кодированные данные (звукозаписи-физические характеристики) __
a Кодированные данные: Музыкальная форма и тональность или лад zz
c Инструменты или голоса, рекомендуемые для солистов (устаревшее) tb
200 Заглавие и сведения об ответственности 1_
a Заглавие Выпуск 24
f Первые сведения об ответственности составление и переложение Е. Ларичева
203 Вид содержания и тип средства __
a Вид содержания Музыка
b Характеристика содержания знаковая
c Тип средства непосредственная
210 Выходные данные 1_
d Дата издания 1982
215 Физическое описание __
a Объем 24 с. включ. обл.
327 Примечание о содержании 11
a Примечание о содержании Содерж. : Шостакович Д. Марш. - Сихра А. Концертный этюд № 2 / ред. Е. Ларичева. - Высотский М. Вариации : на тему рус. нар. песни "Я не думала ни о чем в свете тужить" / ред. Е. Ларичева. - Орик Ж. Эклога. - Лядов А. Сарабанда. - Зацарный Ю. Две пьесы : Распев ; Балалаечка. - Ларичев Е. Вальс.
461 Уровень набора _0
1 2001
a Репертуар гитариста
b Ноты
e шестиструнная гитара
e [с сопровождением фортепиано и без сопровождения]
v Вып. 24
1 2101
a Москва
c Музыка
d 1966 -
1 001UONB/MAIN/70589ceb1d0c42ce83a9343d42e6c8d0
1 215
d 29 см
464 Аналитический уровень _0
1 700 1
a Шостакович
b Д.
1 2001
a Марш
464 Аналитический уровень _0
1 700 1
a Сихра
b А.
1 702 1
a Ларичев
b Е.
4 340
1 2001
a Концертный этюд № 2
464 Аналитический уровень _0
1 700 1
a Высотский
b М.
1 702 1
a Ларичев
b Е.
4 340
1 2001
a Вариации
e на тему рус. нар. песни "Я не думала ни о чем в свете тужить"
464 Аналитический уровень _0
1 700 1
a Орик
b Ж.
1 2001
a Эклога
464 Аналитический уровень _0
1 700 1
a Лядов
b А.
1 2001
a Сарабанда
464 Аналитический уровень _0
1 700 1
a Зацарный
b Ю.
1 2001
a Распев
464 Аналитический уровень _0
1 700 1
a Зацарный
b Ю.
1 2001
a Балалаечка
464 Аналитический уровень _0
1 700 1
a Ларичев
b Е.
1 2001
a Вальс
512 Заглавие обложки 1_
a Заглавие обложки Репертуар гитариста
606 Тематические рубрики 0_
a Основная рубрика Гитара шестиструнная
x Основная подрубрика Репертуар
610 Ключевые слова 0_
a Ключевые слова гитара шестиструнная; репертуар
686 Индексы других классификаций __
a Классификационный индекс 85.956.41я43
2 Код системы rubbk
702 Вторичная интеллектуальная ответственность _1
a Фамилия Ларичев
b Имя (инициалы) Е. Д.
g Полное личное имя Евгений Дмитриевич
4 Код отношения 220
4 Код отношения 030
801 Источник записи _0
a Страна RU
b Организация Ульяновская ОНБ
c Дата составления 20231031
g Правила каталогизации RCR
801 Источник записи _1
a Страна RU
b Организация Ульяновская ОНБ
c Дата составления 20231031
g Правила каталогизации RCR
901 Тип документа __
t Тип документа n
w Контрольный № источника UONB/MAIN/70589ceb1d0c42ce83a9343d42e6c8d0
909 Создатель записи __
a Создатель записи Грязнова И. Е.